| 000 | 00582nam#a22002415a#4500 | ||
|---|---|---|---|
| 001 | 2438 | ||
| 245 | 1 | 0 |
_aSi alguien supiera / _cJuana Bignizzi. |
| 250 | _a1ª edic. | ||
| 260 |
_aBuenos Aires : _bA H, _c2014. |
||
| 300 |
_a90 p. ; _c17 cm. |
||
| 490 | 0 | _aLa lengua/poesía | |
| 020 | _a9789871923854 | ||
| 100 | 1 | _aBignizzi, Juana. | |
| 080 | _a82-1 | ||
| 084 | _aB49 | ||
| 653 | _aPoesía Argentina | ||
| 653 | _aAntología | ||
| 040 |
_aAR-ClEAG _cAR-ClEAG |
||
| 008 | 141023s2014####ag############000#0#und#d | ||
| 005 | 20241107184744.0 | ||
| 003 | AR-ClEAG | ||
| 942 | _cBK | ||
| 999 |
_c2438 _d2438 |
||
| 980 |
_62 _aEvangelina Gallicchio _82 _gEvangelina Gallicchio |
||